000 00285nam a22001097a 4500
082 _a001
100 _aGKP
_982892
245 _aStudy Guide SBI-PO Recruitment Examination Phase I & II
260 _aNew Delhi
_bGk Publication
_c2024
650 _aGeneral Studies
_9276
942 _cC. BOOKS
999 _c67609
_d67609